Gaming Quiz

Random Gaming or Video Games Quiz

Top-Selling Games by Platform Quiz Stats

 Plays Quiz Updated Oct 15, 2018

Score 0/24 Timer 05:00
3 Plays Today
Platform Game % Correct
WiiWii Sports
62.7%
Nintendo (NES)Super Mario Bros.
62.1%
XboxHalo 2
60.9%
Game BoyPokémon Red / Green / Blue
51.3%
Nintendo 64Super Mario 64
50.8%
PlayStation 4Grand Theft Auto V
49.8%
SwitchMario Kart 8 Deluxe
38.9%
Xbox OneGrand Theft Auto V
33.9%
PlayStation VitaMinecraft
32.1%
Super NintendoSuper Mario World
30.3%
PlayStation 3Grand Theft Auto V
29.5%
Nintendo 3DSMario Kart 7
27.6%
Platform Game % Correct
WiiUMario Kart 8
27.3%
GameCubeSuper Smash Bros. Melee
24.5%
Game Boy AdvancePokémon Ruby / Sapphire
24%
Sega GenesisSonic the Hedgehog 2
23.6%
PC*Minecraft
22.4%
PlayStation 2Grand Theft Auto: San Andreas
20.4%
Nintendo DSNew Super Mario Bros.
14.1%
DreamcastSonic Adventure
12.6%
PlayStationGran Turismo
12.6%
PlayStation PortableGrand Theft Auto: Liberty City Stories
3.7%
Xbox 360Kinect Adventures!
3.7%
Sega SaturnVirtua Fighter 2
2.1%

You're not logged in!

Compare scores with friends on all Sporcle quizzes.
OR
Log In

Sporcle TV

Today on Sporcle TV


Watch our educational content, quiz creation guides, and fun videos on Sporcle TV.

Show Comments

Extras

Top Quizzes Today


Score Distribution

Your Account Isn't Verified!

In order to create a playlist on Sporcle, you need to verify the email address you used during registration. Go to your Sporcle Settings to finish the process.

Report this User

Report this user for behavior that violates our Community Guidelines.

Details: